Normal view
MARC view
- Caballos
Entry Materia
001 - NÚMERO DE CONTROL DEL REGISTRO
- campo de control: 50426
003 - IDENTIFICADOR DE NUMERO DE CONTROL
- campo de control: MX-MxUPN
005 - FECHA Y HORA DE LA ÚLTIMA TRANSACCIÓN
- campo de control: 20231024132849.0
008 - DATOS DE LONGITUD FIJA
- campo de control de longitud fija: 231024nn fnnnnbabn n ana d
040 ## - FUENTE DE LA CATALOGACIÓN
- Centro catalogador de origen: MX-MxUPN
- Lengua de catalogación: spa
150 ## - ENCABEZAMIENTO - TEMÁTICO
- Término de materia o nombre geográfico como elemento inicial: Caballos
- Subdivisión de materia general: Literatura infantil
670 ## - FUENTE EN LA QUE SE LOCALIZARON DATOS
- Cita de la fuente: Autoridades BGTQ, 24 octubre 2023 :
- Información localizada: (Caballos) subdivisión de forma (Literatura infantil)
902 ## - CATALOGADOR
- Catalogador: VíctorGodínez/241023
